000 01176nam a2200313 i 4500
001 000021941
003 DO-SdBNP
005 20240228133748.0
007 ta
008 100915s1994 dr 000 0 spa d
040 _aDO-SdBNP
_bspa
_cBNPHU
_erda
082 4 _a616.0092
_bC355e
_222
100 1 _aCastro Ventura, Santiago
_eautor
_91837
245 1 0 _aEnfermedades de dominicanos célebres /
_cSantiago Castro Ventura : prólogo, Mauro Canario Lorenzo.
264 _aSanto Domingo :
_bServicios Gráficos Oriental,
_c1994.
300 _a125 páginas ;
_c21 cm.
336 _2rdacontent
_atexto
_btxt
337 _2rdamedia
_asin mediación
_bn
338 _2rdacarrier
_avolumen
_bnc
500 _aIncluye datos biográficos del autor en la contracubierta
504 _aBibliografía : p. 123
590 _aInventariado, 2018/LP
650 4 _aCelebridades
_xEnfermedades
_zRepública Dominicana
_945526
650 4 _aEstadistas
_xEnfermedades
_zRepública Dominicana
_945527
650 4 _aEstadistas
_xSalud e higiene
_zRepública Dominicana
_945528
700 1 2 _aCanario Lorenzo, Mauro,
_eprólogo
_920010
910 _aValidado. Control de calidad MFF
942 _2ddc
_cLBS1
999 _c21439
_d21439